000 00370nam a2200145Ia 4500
008 230917s9999||||xx |||||||||||||| ||und||
040 _e72226
_aMAIN
041 _aEnglish
082 _a658.42 R138T
100 _aRaju, S M Sundara
245 0 _aTotal quality management: A primer
260 _aNew Delhi
_bTata McGraw-Hill
_c1997
300 _axv, 185 p.
942 _cBK
999 _c98930
_d98930